书目信息 |
| 题名: |
《二十四诗品》之中国诗歌美学
|
|
| 作者: | 顾作义 著 | |
| 分册: | ||
| 出版信息: | 广州 花城出版社 2023 |
|
| 页数: | 302页 | |
| 开本: | 21cm | |
| 丛书名: | 中国经典艺术美学 | |
| 单 册: | ||
| 中图分类: | I207.22 | |
| 科图分类: | ||
| 主题词: | 诗歌美学--诗歌研究--中国 | |
| 电子资源: | ||
| ISBN: | 978-7-5360-9873-2 | |
| 000 | 00854nam0 2200265 450 | |
| 001 | 012574049 | |
| 005 | 20240904060410.9 | |
| 010 | @a978-7-5360-9873-2@dCNY78.00 | |
| 100 | @a20231011d2023 em y0chiy0120 ea | |
| 101 | 0 | @achi |
| 102 | @aCN@b440000 | |
| 105 | @aa z 000yy | |
| 106 | @ar | |
| 200 | 1 | @a《二十四诗品》之中国诗歌美学@9《er shi si shi pin 》zhi zhong guo shi ge mei xue@f顾作义著 |
| 210 | @a广州@c花城出版社@d2023 | |
| 215 | @a302页@c彩图@d21cm | |
| 225 | @a中国经典艺术美学 | |
| 300 | @a中国经典艺术美学 | |
| 330 | @a本书以古代诗歌理论名作《二十四诗品》为范本,从诗魂、诗风、诗骨、诗格、诗情、诗境等角度研究探讨中国诗歌里的美学。 | |
| 586 | @a | |
| 606 | 0 | @a诗歌美学@x诗歌研究@y中国 |
| 690 | @aI207.22@v5 | |
| 701 | 0 | @a顾作义@9gu zuo yi@f(1958-)@4著 |
| 801 | 0 | @aCN@c20240904 |
| 905 | @dI207@eG528:2@f1@sI207/G528:2@S@Z | |
| 《二十四诗品》之中国诗歌美学/顾作义著.-广州:花城出版社,2023 |
| 302页:彩图;21cm.-(中国经典艺术美学) |
| 中国经典艺术美学 |
| ISBN 978-7-5360-9873-2:CNY78.00 |
| 本书以古代诗歌理论名作《二十四诗品》为范本,从诗魂、诗风、诗骨、诗格、诗情、诗境等角度研究探讨中国诗歌里的美学。 |
| ● |
| 相关链接 |
|
|
|
正题名:《二十四诗品》之中国诗歌美学
索取号:I207/G528:2
 
预约/预借
| 序号 | 登录号 | 条形码 | 馆藏地/架位号 | 状态 | 备注 |
| 1 | 21613491 | 216134911 | 文学库108/ [索取号:I207/G528:2] | 在馆 |